| 000 | 00380nam a22001697a 4500 | ||
|---|---|---|---|
| 003 | LK-CoDNM | ||
| 005 | 20250627150400.0 | ||
| 008 | 250627b |||||||| |||| 00| 0 eng d | ||
| 040 |
_aLK-CoDNM _dLK-CoDNM _eLK-CoDNM |
||
| 041 | _apli | ||
| 080 |
_aG _b13 |
||
| 245 | _aG13 | ||
| 300 | _afolls428,52cm | ||
| 650 | _aපුස්කොල | ||
| 650 | _apalm leaf | ||
| 942 | _cPL | ||
| 999 |
_c239937 _d239937 |
||